[Event "Open de Fenain 2009"]
[Site "?"]
[Date "2009.02.24"]
[Round "6.7"]
[White "Zerbib, Claude"]
[Black "Kocur, Marc"]
[Result "0-1"]
[WhiteElo "1859"]
[BlackElo "1913"]
[PlyCount "86"]
[EventDate "2009.02.26"]
[SourceDate "2009.03.11"]

1. e4 d6 2. d4 Nf6 3. Nc3 Nbd7 4. f4 e5 5. Nf3 exd4 6. Nxd4 c6 7. Be3 Qc7 8.
Qd2 Nc5 9. Bd3 Be7 10. O-O Ng4 11. Rf3 Bf6 12. h3 Nxe3 13. Qxe3 O-O 14. g4 Nxd3
15. cxd3 Qb6 16. Nde2 Qxe3+ 17. Rxe3 Re8 18. g5 Bd8 19. Kg2 d5 20. Rf3 dxe4 21.
dxe4 f6 22. gxf6 Bxf6 23. e5 Be7 24. Rd1 Be6 25. f5 Bc4 26. b3 Ba6 27. Nf4 Rad8
28. Ne6 Rxd1 29. Nxd1 Be2 30. Rg3 Bxd1 31. Nxg7 Rc8 32. f6 Bxf6 33. exf6 Kf7
34. Rd3 Be2 35. Rd7+ Kxf6 36. Kf2 Ba6 37. Nh5+ Kg6 38. Nf4+ Kh6 39. h4 Re8 40.
Rd6+ Kg7 41. Ne6+ Kh8 42. Kf3 b6 43. Rxc6 Bb7 0-1

[Event "Open de Fenain 2009"]
[Site "?"]
[Date "2009.02.24"]
[Round "6.8"]
[White "Devulder, Pierre"]
[Black "Prost, Eric"]
[Result "1-0"]
[WhiteElo "1711"]
[BlackElo "1499"]
[PlyCount "37"]
[EventDate "2009.02.26"]
[SourceDate "2009.03.11"]

1. c4 c5 2. Nc3 Nf6 3. Nf3 g6 4. g3 b6 5. Bg2 Bb7 6. O-O Bg7 7. d3 O-O 8. Rb1
d6 9. Bd2 Nbd7 10. a3 Ne8 11. e4 f5 12. Ng5 Nc7 13. Nb5 Rf6 14. e5 Bxg2 15.
exf6 Bxf1 16. fxe7 Qb8 17. Nxc7 Qxc7 18. Qf3 d5 19. Qxd5+ 1-0

[Event "Open de Fenain 2009"]
[Site "?"]
[Date "2009.02.24"]
[Round "6.9"]
[White "Platel, Alexandre"]
[Black "Manet, Anthony"]
[Result "1-0"]
[WhiteElo "2205"]
[BlackElo "1673"]
[PlyCount "45"]
[EventDate "2009.02.26"]
[SourceDate "2009.03.11"]

1. e4 e5 2. Nf3 Nc6 3. d4 exd4 4. Nxd4 Bc5 5. Be3 Qf6 6. c3 Nge7 7. Bc4 O-O 8.
O-O a6 9. f4 Na5 10. Be2 Nec6 11. Qd2 Ba7 12. Na3 Nxd4 13. cxd4 Nc6 14. e5 Qe7
15. Nc2 d6 16. d5 Bxe3+ 17. Qxe3 Na7 18. Rac1 c6 19. Qa3 cxd5 20. Ne3 Qd8 21.
exd6 Re8 22. Nxd5 Re6 23. Nc7 1-0

[Event "Open de Fenain 2009"]
[Site "?"]
[Date "2009.02.24"]
[Round "6.10"]
[White "Lemoine, Jean Pierre"]
[Black "Levers, Thierry"]
[Result "1/2-1/2"]
[WhiteElo "1667"]
[BlackElo "990"]
[PlyCount "185"]
[EventDate "2009.02.26"]
[SourceDate "2009.03.11"]

1. e4 c5 2. c3 d5 3. exd5 Qxd5 4. d4 Nc6 5. Nf3 Nf6 6. Na3 Bg4 7. Bc4 Bxf3 8.
Bxd5 Bxd1 9. Bxc6+ bxc6 10. Kxd1 cxd4 11. cxd4 O-O-O 12. Ke2 Rxd4 13. Rd1 Rxd1
14. Kxd1 Nd5 15. Nc4 f6 16. Bd2 e5 17. Rc1 Kd7 18. Na5 c5 19. Nb7 Ke6 20. Nxc5+
Bxc5 21. Rxc5 Rd8 22. Ke2 Rb8 23. b3 Rb7 24. Kf3 f5 25. Rc6+ Kd7 26. Rc5 Kd6
27. Ra5 e4+ 28. Ke2 g6 29. g3 Kc6 30. Ra6+ Kb5 31. Ra5+ Kc6 32. Ra6+ Kd7 33.
Ra5 Nc7 34. Be3 a6 35. Bf4 Rb6 36. Bxc7 Kxc7 37. Re5 Kd7 38. f3 exf3+ 39. Kxf3
Rd6 40. Re2 h6 41. Kf2 Kc6 42. Rc2+ Kb5 43. Ke3 a5 44. Kf4 Rd5 45. Re2 g5+ 46.
Kf3 Kb4 47. Rc2 Rd3+ 48. Ke2 Rd5 49. Kf3 h5 50. Re2 Kc3 51. Kg2 Kd3 52. Rb2 Rc5
53. b4 axb4 54. Rb3+ Kc4 55. Rb1 Ra5 56. Rb2 Rd5 57. Rf2 Kc3 58. Kh3 g4+ 59.
Kh4 Rd2 60. Rxf5 Rxh2+ 61. Kg5 Rh3 62. Kf4 Kb2 63. Rb5 Ka3 64. Ra5+ Kb2 65. Rb5
Kc3 66. Rc5+ Kd4 67. Re5 Rh2 68. Re4+ Kc3 69. Re3+ Kc4 70. Re4+ Kb5 71. Re5+
Ka4 72. Kg5 Rg2 73. Re3 Rh2 74. Re8 Ka3 75. Ra8+ Kb2 76. Rb8 Kc3 77. Rc8+ Kd3
78. Rb8 Kc4 79. Rc8+ Kd4 80. Rb8 Kc5 81. Rc8+ Kb5 82. Rb8+ Kc4 83. Rc8+ Kd3 84.
Rb8 Rxa2 85. Rxb4 Rh2 86. Ra4 Ke3 87. Ra3+ Kf2 88. Ra2+ Kxg3 89. Ra3+ Kg2 90.
Ra2+ Kh3 91. Ra3+ g3 92. Kxh5 Kg2+ 93. Kg4 1/2-1/2

[Event "Open de Fenain 2009"]
[Site "?"]
[Date "2009.02.24"]
[Round "7.1"]
[White "Bakalarz, Mietek"]
[Black "Degraeve, Jean Marc"]
[Result "0-1"]
[WhiteElo "2326"]
[BlackElo "2553"]
[PlyCount "99"]
[EventDate "2009.02.26"]
[SourceDate "2009.02.27"]

1. d4 Nf6 2. Nf3 c5 3. d5 g6 4. Nc3 Bg7 5. a4 O-O 6. e4 d6 7. h3 e5 8. dxe6
Bxe6 9. Be2 Nc6 10. O-O Re8 11. Bg5 Qe7 12. Re1 Rad8 13. Bf1 a6 14. Bf4 d5 15.
exd5 Nxd5 16. Nxd5 Rxd5 17. Qxd5 Bxd5 18. Rxe7 Rxe7 19. Bg5 Re6 20. c3 Bxf3 21.
gxf3 Ne5 22. Kg2 Rb6 23. Rd1 h6 24. Rd8+ Kh7 25. Bc1 g5 26. Rd5 Rc6 27. f4 Ng6
28. fxg5 hxg5 29. Bxg5 Bh6 30. Bxh6 Kxh6 31. Kg3 Nf8 32. f4 Kg7 33. Bc4 Kf6 34.
a5 Rc7 35. Kg4 Ke7 36. Re5+ Kf6 37. h4 Kg7 38. h5 Nh7 39. Kf5 Kf8 40. h6 Rc6
41. Rd5 Rxh6 42. Rd8+ Kg7 43. Rb8 Nf6 44. Bxf7 Nd7 45. Rxb7 Rf6+ 46. Ke4 Rxf7
47. Kd5 Kf8 48. Kc6 Ke8 49. Ra7 Rf6+ 50. Kd5 0-1

[Event "Open de Fenain 2009"]
[Site "?"]
[Date "2009.02.24"]
[Round "7.2"]
[White "Simon, Olivier"]
[Black "Kocur, Marc"]
[Result "1-0"]
[WhiteElo "2364"]
[BlackElo "1913"]
[PlyCount "85"]
[EventDate "2009.02.26"]
[SourceDate "2009.02.27"]

1. e4 e6 2. d4 d5 3. Nc3 Bb4 4. e5 b6 5. a3 Bxc3+ 6. bxc3 Ba6 7. Qg4 Ne7 8.
Qxg7 Rg8 9. Qxh7 Bxf1 10. Kxf1 Qc8 11. Nf3 Qa6+ 12. Qd3 c5 13. g3 Nec6 14. Be3
cxd4 15. cxd4 Na5 16. Nd2 Ke7 17. h4 Qxd3+ 18. cxd3 f6 19. exf6+ Kxf6 20. Ke2
Nbc6 21. Rab1 e5 22. dxe5+ Nxe5 23. Nb3 Nb7 24. Bf4 Ke6 25. Bxe5 Kxe5 26. f4+
Kf6 27. Kf3 b5 28. Nd4 a6 29. Rbc1 Rac8 30. g4 Nc5 31. g5+ Kf7 32. Ke3 Rge8+
33. Kd2 a5 34. Rb1 b4 35. axb4 Ne4+ 36. dxe4 Rxe4 37. Nc2 axb4 38. Nxb4 d4 39.
Nd3 Re3 40. Rb4 Rg3 41. Rxd4 Rg2+ 42. Ke3 Re8+ 43. Ne5+ 1-0

[Event "Open de Fenain 2009"]
[Site "?"]
[Date "2009.02.24"]
[Round "7.3"]
[White "Soyez, Cyril"]
[Black "Deveque, Guillaume"]
[Result "1-0"]
[WhiteElo "2238"]
[BlackElo "1870"]
[PlyCount "73"]
[EventDate "2009.02.26"]
[SourceDate "2009.02.27"]

1. c4 e5 2. g3 c6 3. Bg2 Nf6 4. Nc3 d6 5. d3 Bg4 6. Rb1 Nbd7 7. b4 Be7 8. h3
Be6 9. Nf3 Nb6 10. O-O Qd7 11. Kh2 e4 12. Nd4 h5 13. Nxe6 Qxe6 14. Nxe4 Nxe4
15. Bxe4 Nxc4 16. Bg2 Ne5 17. d4 Qg6 18. Bf4 Nd7 19. d5 c5 20. Qa4 Qf5 21. e4
Qf6 22. bxc5 g5 23. Bxd6 Bxd6 24. cxd6 Qxd6 25. Rxb7 Rd8 26. Rxa7 h4 27. Qc6
Qe5 28. Qc7 hxg3+ 29. fxg3 Qb2 30. Rf5 Qe2 31. Rxg5 f6 32. Rf5 Rh6 33. Qf4 Rh7
34. Qf3 Qb2 35. Qg4 Kf8 36. e5 Nxe5 37. Rxf6+ 1-0

[Event "Open de Fenain 2009"]
[Site "?"]
[Date "2009.02.24"]
[Round "7.4"]
[White "Van De Wynkele, Eric"]
[Black "Lechelle, William"]
[Result "1-0"]
[WhiteElo "2111"]
[BlackElo "1913"]
[PlyCount "67"]
[EventDate "2009.02.26"]
[SourceDate "2009.02.27"]

1. e4 Nf6 2. e5 Nd5 3. c4 Nb6 4. d4 d6 5. exd6 exd6 6. Nc3 Be7 7. Bd3 Nc6 8.
Nge2 O-O 9. h3 Bf6 10. b3 g6 11. Be3 Re8 12. O-O Ne7 13. Ng3 Bg7 14. Rc1 Nd7
15. Qd2 f5 16. Rfd1 Nf6 17. d5 c6 18. dxc6 bxc6 19. Be2 d5 20. cxd5 cxd5 21.
Nb5 Rf8 22. Bxa7 Ba6 23. Bc5 Bxb5 24. Bxb5 Rf7 25. a4 h5 26. Ne2 Kh7 27. f3 Bh6
28. Be3 Bxe3+ 29. Qxe3 Qd6 30. Nf4 Rff8 31. Re1 Nfg8 32. Qe5 Rfd8 33. Qxd6 Rxd6
34. Rc7 1-0

[Event "Open de Fenain 2009"]
[Site "?"]
[Date "2009.02.24"]
[Round "7.5"]
[White "Fell, Fabian"]
[Black "Devulder, Pierre"]
[Result "1-0"]
[WhiteElo "1331"]
[BlackElo "1711"]
[PlyCount "21"]
[EventDate "2009.02.26"]
[SourceDate "2009.02.27"]

1. e4 b6 2. d4 Bb7 3. Nc3 e6 4. Nf3 Nf6 5. Bd3 Bb4 6. Qe2 O-O 7. O-O c5 8. e5
Ne8 9. Bxh7+ Kh8 10. Be4 Bxe4 11. Qxe4 1-0

[Event "Open de Fenain 2009"]
[Site "?"]
[Date "2009.02.24"]
[Round "7.6"]
[White "Brobecker, Alain"]
[Black "Platel, Alexandre"]
[Result "0-1"]
[WhiteElo "1773"]
[BlackElo "2205"]
[PlyCount "68"]
[EventDate "2009.02.26"]
[SourceDate "2009.03.05"]

1. d3 Nc6 2. g3 e5 3. Bg2 d5 4. Nf3 Be6 5. c3 f6 6. b4 Qd7 7. O-O g5 8. e4
O-O-O 9. b5 Nce7 10. Qa4 Kb8 11. Be3 Nc8 12. Nbd2 h5 13. h4 gxh4 14. Nxh4 Bh6
15. Bxh6 Nxh6 16. Qb4 Ne7 17. Nb3 Qd6 18. Qxd6 Rxd6 19. Nc5 Rhd8 20. Nxe6 Rxe6
21. Rfd1 d4 22. c4 Rg8 23. Bf3 Rg5 24. Kg2 Rd6 25. Rh1 Rd8 26. Be2 Nf7 27. Nf3
Rgg8 28. Rxh5 Ng6 29. Kh2 Rh8 30. Rxh8 Rxh8+ 31. Kg2 Nd8 32. Nh2 Ne6 33. Ng4
Ngf4+ 34. Kf3 Ng5# 0-1

[Event "Open de Fenain 2009"]
[Site "?"]
[Date "2009.02.24"]
[Round "7.7"]
[White "Lebret, Jean Michel"]
[Black "Regniez, Jérémy"]
[Result "1-0"]
[WhiteElo "2162"]
[BlackElo "1740"]
[PlyCount "55"]
[EventDate "2009.02.26"]
[SourceDate "2009.03.05"]

1. e4 e6 2. d4 a6 3. Nf3 b5 4. Bd3 Bb7 5. O-O c5 6. c3 Nf6 7. Re1 d6 8. Nbd2
Be7 9. Nf1 O-O 10. dxc5 dxc5 11. e5 Nfd7 12. Bf4 Nb6 13. Qe2 N8d7 14. Rad1 Nd5
15. Qe4 g6 16. Bh6 Re8 17. h4 Qc7 18. Qg4 Nxe5 19. Nxe5 Nf6 20. Qe2 Nh5 21. Ng3
Nxg3 22. fxg3 Bd6 23. Be4 Bxe5 24. Bxb7 Bxg3 25. Bxa8 Bxe1 26. Rxe1 Rxa8 27.
Qf3 Qd8 28. Rd1 1-0

[Event "Open de Fenain 2009"]
[Site "?"]
[Date "2009.02.24"]
[Round "7.8"]
[White "Ruhan, Anthony"]
[Black "Urbaniak, Patrick"]
[Result "0-1"]
[WhiteElo "1616"]
[BlackElo "1987"]
[PlyCount "138"]
[EventDate "2009.02.26"]
[SourceDate "2009.03.07"]

1. e4 c5 2. Nf3 d6 3. d4 cxd4 4. Qxd4 Nc6 5. Bb5 Bd7 6. Bxc6 Bxc6 7. c4 Nf6 8.
Nc3 e6 9. Bg5 Be7 10. Rd1 O-O 11. O-O h6 12. Bh4 Qa5 13. Rfe1 Rfd8 14. h3 Qh5
15. Qd3 g5 16. Bg3 g4 17. hxg4 Nxg4 18. Nh2 Nxh2 19. Bxh2 Kh8 20. Re3 Rg8 21.
Rh3 Qg6 22. Bg3 Bg5 23. Qe2 Bf4 24. Qf3 e5 25. Nd5 Bxd5 26. Rxd5 Bg5 27. Bh4
Bxh4 28. Rxh4 Qg5 29. Qh3 Qc1+ 30. Kh2 Rg6 31. Qd7 Rag8 32. Qh3 Kh7 33. Qf5 Kh8
34. Qh3 Rxg2+ 35. Qxg2 Rxg2+ 36. Kxg2 Qg5+ 37. Kh3 Qf6 38. b3 Qf3+ 39. Kh2
Qxf2+ 40. Kh3 Qxa2 41. Rxh6+ Kg7 42. Rhxd6 Qxb3+ 43. Kg4 Qb2 44. Kf5 Qc3 45.
Rd7 Qg3 46. Rxf7+ Kxf7 47. Rxe5 Qg6+ 48. Kf4 Qd6 49. c5 Qc7 50. Kf5 Qd7+ 51.
Kf4 a5 52. Rh5 Qd2+ 53. Ke5 Qc3+ 54. Kf4 Ke6 55. Rh6+ Kd7 56. Rh5 a4 57. Rd5+
Kc6 58. Kf5 Qh3+ 59. Ke5 a3 60. Kd4 a2 61. Kc4 Qf1+ 62. Kb4 Qb5+ 63. Kc3 a1=Q+
64. Kd2 Qa2+ 65. Ke3 Qbe2+ 66. Kf4 Qf2+ 67. Ke5 Qab2+ 68. Rd4 Qbxd4+ 69. Ke6
Qff6# 0-1

[Event "Open de Fenain 2009"]
[Site "?"]
[Date "2009.02.24"]
[Round "7.9"]
[White "Jimenez, Martin"]
[Black "Trannoy, Arthur"]
[Result "1/2-1/2"]
[WhiteElo "1744"]
[BlackElo "1873"]
[PlyCount "50"]
[EventDate "2009.02.26"]
[SourceDate "2009.03.07"]

1. d4 f5 2. g3 Nf6 3. Bg2 e6 4. Nf3 Nc6 5. O-O Be7 6. c4 O-O 7. Nc3 d6 8. Qc2
Qe8 9. Bg5 Qg6 10. Bxf6 Bxf6 11. d5 exd5 12. Nxd5 Bd8 13. e3 Qf7 14. Rfd1 Rb8
15. Rac1 Ne7 16. Qa4 a6 17. Ng5 Qe8 18. Qxe8 Rxe8 19. Nxe7+ Rxe7 20. Bd5+ Kf8
21. Nxh7+ Ke8 22. Ng5 g6 23. Rc3 Rg7 24. f4 Bf6 25. Rc2 Bxg5 1/2-1/2

[Event "Open de Fenain 2009"]
[Site "?"]
[Date "2009.02.24"]
[Round "7.10"]
[White "Regniez, Alexiane"]
[Black "Zerbib, Claude"]
[Result "0-1"]
[WhiteElo "1678"]
[BlackElo "1859"]
[PlyCount "80"]
[EventDate "2009.02.26"]
[SourceDate "2009.03.07"]

1. c4 c5 2. g3 g6 3. Bg2 Bg7 4. Nc3 Nc6 5. Nf3 Nf6 6. d4 cxd4 7. Nxd4 Nxd4 8.
Qxd4 O-O 9. O-O d6 10. Rd1 Nd7 11. Qe3 a6 12. Rb1 Rb8 13. b4 b6 14. Nd5 Ne5 15.
Qf4 e6 16. Ne3 g5 17. Qe4 f5 18. Qc2 f4 19. Nf1 Qc7 20. Bb2 Bb7 21. Bxb7 Rxb7
22. Bxe5 Bxe5 23. Qe4 Qf7 24. f3 g4 25. Rd3 h5 26. gxf4 Bxf4 27. fxg4 hxg4 28.
Qg2 Qh7 29. Ng3 Rbf7 30. Rf1 Qh6 31. Rdd1 Rh7 32. e4 Rc8 33. e5 Bxe5 34. Rc1
Qe3+ 35. Qf2 Bd4 36. Qxe3 Bxe3+ 37. Kg2 Bxc1 38. Rxc1 d5 39. c5 bxc5 40. bxc5
Rhc7 0-1

[Event "Open de Fenain 2009"]
[Site "?"]
[Date "2009.02.24"]
[Round "7.11"]
[White "Casier, Fabrice"]
[Black "Pulliat, Jean Luc"]
[Result "1-0"]
[WhiteElo "1832"]
[BlackElo "1440"]
[PlyCount "91"]
[EventDate "2009.02.26"]
[SourceDate "2009.03.07"]

1. c4 c5 2. Nc3 Nc6 3. g3 g6 4. Bg2 Bg7 5. Nf3 Nf6 6. O-O O-O 7. d4 cxd4 8.
Nxd4 Nxd4 9. Qxd4 a6 10. e4 d6 11. Rb1 Qc7 12. Qd3 e5 13. Nd5 Nxd5 14. cxd5 Bd7
15. Qa3 Bb5 16. Re1 Qd7 17. Be3 Rac8 18. Rbc1 Rfd8 19. Bf1 Bxf1 20. Rxf1 Bf8
21. Rxc8 Rxc8 22. Rc1 Rxc1+ 23. Bxc1 Qb5 24. Qc3 Qc5 25. Be3 Qxc3 26. bxc3 Be7
27. c4 Kf8 28. Kf1 Ke8 29. Ke2 Kd7 30. a4 Bd8 31. c5 Bc7 32. Kd3 dxc5 33. Bxc5
b6 34. Be3 Bd6 35. Bxb6 Ba3 36. g4 Bc1 37. Kc4 Bf4 38. h3 Bc1 39. Ba5 Bh6 40.
Kc5 Bf8+ 41. Kb6 Ba3 42. Kxa6 Kd6 43. Kb7 Kc5 44. Bb6+ Kc4 45. a5 Kd3 46. a6
1-0